<?xml version="1.0" encoding="UTF-8"?>
<record
    xmlns:xsi="http://www.w3.org/2001/XMLSchema-instance"
    xsi:schemaLocation="http://www.loc.gov/MARC21/slim http://www.loc.gov/standards/marcxml/schema/MARC21slim.xsd"
    xmlns="http://www.loc.gov/MARC21/slim">

  <leader>02152nam a2200337 u 4500</leader>
  <controlfield tag="001">1420643</controlfield>
  <controlfield tag="005">20260508090411.0</controlfield>
  <controlfield tag="008">150910s2015                        spa  </controlfield>
  <datafield tag="020" ind1=" " ind2=" ">
    <subfield code="a">9788498359237</subfield>
  </datafield>
  <datafield tag="035" ind1=" " ind2=" ">
    <subfield code="a">1420643</subfield>
  </datafield>
  <datafield tag="040" ind1=" " ind2=" ">
    <subfield code="c">comduadb</subfield>
  </datafield>
  <datafield tag="041" ind1=" " ind2=" ">
    <subfield code="a">spa</subfield>
  </datafield>
  <datafield tag="080" ind1=" " ind2=" ">
    <subfield code="a">WM</subfield>
  </datafield>
  <datafield tag="100" ind1="1" ind2="0">
    <subfield code="a">First, Michael B.</subfield>
    <subfield code="4">aut</subfield>
    <subfield code="e">aut</subfield>
    <subfield code="9">402323</subfield>
  </datafield>
  <datafield tag="245" ind1="1" ind2="0">
    <subfield code="a">DSM-5. Manual de diagn&#xF3;stico diferencial</subfield>
  </datafield>
  <datafield tag="260" ind1=" " ind2=" ">
    <subfield code="a">Madrid :</subfield>
    <subfield code="b">Editorial M&#xE9;dica Panamericana,</subfield>
    <subfield code="c">2015.</subfield>
  </datafield>
  <datafield tag="300" ind1=" " ind2=" ">
    <subfield code="a">xv, 322 p&#xE1;ginas</subfield>
  </datafield>
  <datafield tag="520" ind1="3" ind2=" ">
    <subfield code="a">RESUMEN : Gu&#xED;a por excelencia de los m&#xE9;dicos y estudiantes que est&#xE1;n aprendiendo el diagn&#xF3;stico psiqui&#xE1;trico para el diagn&#xF3;stico diferencial. Basado en el Manual Diagn&#xF3;stico y Estad&#xED;stico de los Trastornos Mentales, quinta edici&#xF3;n, ofrece una amplia selecci&#xF3;n de perspectivas en un formato f&#xE1;cil de usar. El manual ofrece una variedad de enfoques para el diagn&#xF3;stico diferencial y una serie de caracter&#xED;sticas dise&#xF1;adas para beneficiar a los m&#xE9;dicos al momento de realizar los ex&#xE1;menes. Tiene 66 tablas de diagn&#xF3;stico diferencial, una para cada uno de los trastornos m&#xE1;s importantes del DSM-5, adem&#xE1;s de &#xED;ndices alfab&#xE9;ticos de los &#xE1;rboles de decisi&#xF3;n y tablas de diagn&#xF3;stico diferencial para ayudar a los lectores a localizar f&#xE1;cilmente el material deseado. CONTENIDO : Prefacio. - Diagn&#xF3;stico diferencial paso a paso. -- Diagn&#xF3;stico diferencial mediante &#xE1;rboles de decisi&#xF3;n. -- Diagn&#xF3;stico diferencial mediante tablas. -- Ap&#xE9;ndice: Clasificaci&#xF3;n del DSM-5. -- &#xCD;ndices.</subfield>
  </datafield>
  <datafield tag="650" ind1=" " ind2=" ">
    <subfield code="a">Diagn&#xF3;stico cl&#xED;nico</subfield>
    <subfield code="9">46485</subfield>
  </datafield>
  <datafield tag="650" ind1=" " ind2="7">
    <subfield code="a">Trastornos mentales</subfield>
    <subfield code="2">dcs</subfield>
    <subfield code="9">70429</subfield>
  </datafield>
  <datafield tag="650" ind1=" " ind2="7">
    <subfield code="a">Trastornos de ansiedad</subfield>
    <subfield code="2">dcs</subfield>
    <subfield code="9">82909</subfield>
  </datafield>
  <datafield tag="650" ind1=" " ind2="7">
    <subfield code="a">Trastornos del sue&#xF1;o</subfield>
    <subfield code="2">lemb</subfield>
    <subfield code="9">73982</subfield>
  </datafield>
  <datafield tag="650" ind1=" " ind2="7">
    <subfield code="a">Trastornos de la personalidad</subfield>
    <subfield code="2">dcs</subfield>
    <subfield code="9">63144</subfield>
  </datafield>
  <datafield tag="650" ind1=" " ind2="7">
    <subfield code="a">Trastornos psic&#xF3;ticos</subfield>
    <subfield code="2">dcs</subfield>
    <subfield code="9">70769</subfield>
  </datafield>
  <datafield tag="650" ind1=" " ind2="7">
    <subfield code="a">Trastornos disociativos</subfield>
    <subfield code="2">dcs</subfield>
    <subfield code="9">128668</subfield>
  </datafield>
  <datafield tag="650" ind1=" " ind2="7">
    <subfield code="a">Salud mental</subfield>
    <subfield code="2">dcs</subfield>
    <subfield code="9">188061</subfield>
  </datafield>
  <datafield tag="650" ind1=" " ind2="7">
    <subfield code="a">Trastornos de alimentaci&#xF3;n y de la ingesti&#xF3;n de alimentos</subfield>
    <subfield code="2">dcs</subfield>
    <subfield code="9">130627</subfield>
  </datafield>
  <datafield tag="650" ind1=" " ind2="7">
    <subfield code="a">Manual diagn&#xF3;stico y estad&#xED;stico de los trastornos mentales</subfield>
    <subfield code="2">dcs</subfield>
    <subfield code="9">220107</subfield>
  </datafield>
  <datafield tag="650" ind1=" " ind2=" ">
    <subfield code="a">Diagn&#xF3;stico diferencial</subfield>
    <subfield code="9">48600</subfield>
  </datafield>
  <datafield tag="942" ind1=" " ind2=" ">
    <subfield code="c">BOOK</subfield>
  </datafield>
  <datafield tag="999" ind1=" " ind2=" ">
    <subfield code="c">730152</subfield>
    <subfield code="d">730152</subfield>
  </datafield>
  <datafield tag="952" ind1=" " ind2=" ">
    <subfield code="0">0</subfield>
    <subfield code="1">0</subfield>
    <subfield code="4">0</subfield>
    <subfield code="7">0</subfield>
    <subfield code="8">GENERAL</subfield>
    <subfield code="a">BM</subfield>
    <subfield code="b">BM</subfield>
    <subfield code="d">2015-09-10</subfield>
    <subfield code="e">Celsus</subfield>
    <subfield code="g">92000.00</subfield>
    <subfield code="i">C1232439</subfield>
    <subfield code="l">14</subfield>
    <subfield code="o">WM141 F5-15 e2</subfield>
    <subfield code="p">1034580</subfield>
    <subfield code="r">2026-04-22 08:48:00</subfield>
    <subfield code="s">2026-04-16</subfield>
    <subfield code="t">1</subfield>
    <subfield code="w">2023-05-03</subfield>
    <subfield code="y">BOOK</subfield>
  </datafield>
</record>
